<?xml version="1.0" encoding="UTF-8"?>
<record
    xmlns:xsi="http://www.w3.org/2001/XMLSchema-instance"
    xsi:schemaLocation="http://www.loc.gov/MARC21/slim http://www.loc.gov/standards/marcxml/schema/MARC21slim.xsd"
    xmlns="http://www.loc.gov/MARC21/slim">

  <leader>01477    a2200277   4500</leader>
  <controlfield tag="003">CBULib</controlfield>
  <controlfield tag="005">20240110103342.0</controlfield>
  <controlfield tag="008">240110b        |||||||| |||| 00| 0 eng d</controlfield>
  <datafield tag="020" ind1=" " ind2=" ">
    <subfield code="a">9781988058474</subfield>
  </datafield>
  <datafield tag="040" ind1=" " ind2=" ">
    <subfield code="b">English</subfield>
    <subfield code="c">CBULib</subfield>
    <subfield code="e">rda</subfield>
  </datafield>
  <datafield tag="050" ind1=" " ind2=" ">
    <subfield code="a">HD 69.S8 Cro</subfield>
  </datafield>
  <datafield tag="100" ind1="1" ind2=" ">
    <subfield code="a">Crossman, Susan</subfield>
    <subfield code="9">1558</subfield>
    <subfield code="q">(Susan G.)</subfield>
  </datafield>
  <datafield tag="245" ind1=" " ind2=" ">
    <subfield code="a">Your personal marketing playbook : the art of creating social capital on and offline</subfield>
    <subfield code="c">by Susan Crossman and Paula Hope</subfield>
  </datafield>
  <datafield tag="260" ind1=" " ind2=" ">
    <subfield code="b">Manor House Publishing Inc,</subfield>
    <subfield code="c">2019.</subfield>
    <subfield code="a">Ontario :</subfield>
  </datafield>
  <datafield tag="300" ind1=" " ind2=" ">
    <subfield code="a">220 pages</subfield>
  </datafield>
  <datafield tag="336" ind1=" " ind2=" ">
    <subfield code="2">rdacontent</subfield>
    <subfield code="a">Text |</subfield>
    <subfield code="b">txt</subfield>
  </datafield>
  <datafield tag="337" ind1=" " ind2=" ">
    <subfield code="2">rdamedia</subfield>
    <subfield code="a">Unmediated |</subfield>
    <subfield code="b">n</subfield>
  </datafield>
  <datafield tag="338" ind1=" " ind2=" ">
    <subfield code="2">rdacarrier</subfield>
    <subfield code="a">Volume</subfield>
    <subfield code="b">nc</subfield>
  </datafield>
  <datafield tag="500" ind1=" " ind2=" ">
    <subfield code="a">"In Your Personal Marketing Playbook, authors Susan Crossman and Paula Hope explore the plays, or tactics, that a business professional can use to develop his or her social capital, on or off line, to create the revenue they truly deserve, while enjoying their lives. They call this collection of activities "Personal Marketing." The authors have developed a formula to help readers see their opportunity more clearly, and it summarizes their recommended method of combining 160 referral marketing methods with the ever-expanding range of online tactics available today."-- Provided by publisher</subfield>
  </datafield>
  <datafield tag="650" ind1=" " ind2="0">
    <subfield code="9">1559</subfield>
    <subfield code="a">BUSINESS NETWORKS</subfield>
  </datafield>
  <datafield tag="650" ind1=" " ind2="0">
    <subfield code="9">1560</subfield>
    <subfield code="a">INTERPESONAL RELATIONS</subfield>
  </datafield>
  <datafield tag="650" ind1=" " ind2="0">
    <subfield code="9">1561</subfield>
    <subfield code="a">SOCIAL SUPPORT</subfield>
  </datafield>
  <datafield tag="650" ind1=" " ind2="0">
    <subfield code="9">1562</subfield>
    <subfield code="a">SOCIAL NETWORKS</subfield>
  </datafield>
  <datafield tag="700" ind1="1" ind2=" ">
    <subfield code="9">1563</subfield>
    <subfield code="a">Hope, Paula</subfield>
  </datafield>
  <datafield tag="942" ind1=" " ind2=" ">
    <subfield code="2">lcc</subfield>
    <subfield code="c">002</subfield>
  </datafield>
  <datafield tag="999" ind1=" " ind2=" ">
    <subfield code="c">83049</subfield>
    <subfield code="d">83049</subfield>
  </datafield>
  <datafield tag="952" ind1=" " ind2=" ">
    <subfield code="0">0</subfield>
    <subfield code="1">0</subfield>
    <subfield code="2">lcc</subfield>
    <subfield code="4">0</subfield>
    <subfield code="7">0</subfield>
    <subfield code="8">MC</subfield>
    <subfield code="a">001</subfield>
    <subfield code="b">001</subfield>
    <subfield code="c">GEN</subfield>
    <subfield code="d">2024-01-10</subfield>
    <subfield code="e">Book Aid International</subfield>
    <subfield code="g">19.21</subfield>
    <subfield code="l">0</subfield>
    <subfield code="o">HD 69.S8 Cro</subfield>
    <subfield code="p">752406</subfield>
    <subfield code="r">2024-01-10</subfield>
    <subfield code="t">1</subfield>
    <subfield code="w">2024-01-10</subfield>
    <subfield code="y">002</subfield>
  </datafield>
</record>
